000
00382nam a2200133Ia 4500
008
151001s9999||||xx |||||||||||||| ||und||
100
_a
भीमराव कुलकर्णी
245
_a
खेकडे आणि खेकडी
250
_a
1
260
_b
सुरेश एजन्सी पुणे
260
_c
1987
300
_a
150
365
_b
21
999
_c
973047
_d
973044